<?xml version="1.0" encoding="UTF-8"?><?xml-stylesheet type="text/xsl" href="static/style.xsl"?><OAI-PMH xmlns="http://www.openarchives.org/OAI/2.0/" xmlns:xsi="http://www.w3.org/2001/XMLSchema-instance" xsi:schemaLocation="http://www.openarchives.org/OAI/2.0/ http://www.openarchives.org/OAI/2.0/OAI-PMH.xsd"><responseDate>2026-04-28T01:44:03Z</responseDate><request verb="GetRecord" identifier="oai:riubu.ubu.es:10259/3937" metadataPrefix="marc">https://riubu.ubu.es/oai/request</request><GetRecord><record><header><identifier>oai:riubu.ubu.es:10259/3937</identifier><datestamp>2026-03-02T16:39:01Z</datestamp><setSpec>com_10259_3723</setSpec><setSpec>com_10259.4_2477</setSpec><setSpec>com_10259.4_106</setSpec><setSpec>com_10259_2604</setSpec><setSpec>col_10259_3724</setSpec></header><metadata><record xmlns="http://www.loc.gov/MARC21/slim" xmlns:doc="http://www.lyncode.com/xoai" xmlns:xsi="http://www.w3.org/2001/XMLSchema-instance" xmlns:dcterms="http://purl.org/dc/terms/" xsi:schemaLocation="http://www.loc.gov/MARC21/slim http://www.loc.gov/standards/marcxml/schema/MARC21slim.xsd">
<leader>00925njm 22002777a 4500</leader>
<datafield tag="042" ind1=" " ind2=" ">
<subfield code="a">dc</subfield>
</datafield>
<datafield tag="720" ind1=" " ind2=" ">
<subfield code="a">Cortés Bárcena, Carolina</subfield>
<subfield code="e">author</subfield>
</datafield>
<datafield tag="720" ind1=" " ind2=" ">
<subfield code="a">Vega Maeso, Cristina</subfield>
<subfield code="e">author</subfield>
</datafield>
<datafield tag="720" ind1=" " ind2=" ">
<subfield code="a">Carmona Ballestero, Eduardo</subfield>
<subfield code="e">author</subfield>
</datafield>
<datafield tag="260" ind1=" " ind2=" ">
<subfield code="c">2011</subfield>
</datafield>
<datafield tag="520" ind1=" " ind2=" ">
<subfield code="a">En el transcurso de una prospección arqueológica se documentaron varias inscripciones latinas inéditas en la localidad de Las Uces (Valsalabroso, Salamanca). Se trata de 4 epígrafes de naturaleza funeraria que se suman a otros tres conocidos por la bibliografía. Todos conforman un grupo homogéneo, cuyas características encajan con las producciones epigráficas conocidas en el occidente de la provincia de Salamanca. El trabajo da a conocer los nuevos epígrafes y realiza una valoración crítica sobre la relación de estas evidencias con un asentamiento indígena romanizado bajo la localidad de Las Uces.</subfield>
</datafield>
<datafield tag="520" ind1=" " ind2=" ">
<subfield code="a">In the course of an archaeological prospection several unpublished Latin inscriptions were documented in the locality of Las Uces (Valsalabroso, Salamanca). They are 4 funerary monuments that are added to other three known by the bibliography. All forms a homogenous group, whose characteristics fit to the well-known epigraphic productions in the West of the province of Salamanca. This paper presents the new epigraphs and makes a critical valuation on the relation of these evidences with a Romanizated indigenous settlement under the locality of Las Uces.</subfield>
</datafield>
<datafield tag="024" ind2=" " ind1="8">
<subfield code="a">0514-7336</subfield>
</datafield>
<datafield tag="024" ind2=" " ind1="8">
<subfield code="a">http://hdl.handle.net/10259/3937</subfield>
</datafield>
<datafield ind1=" " ind2=" " tag="653">
<subfield code="a">Epigrafía latina</subfield>
</datafield>
<datafield ind1=" " ind2=" " tag="653">
<subfield code="a">Inscripciones funerarias</subfield>
</datafield>
<datafield ind1=" " ind2=" " tag="653">
<subfield code="a">Hispania</subfield>
</datafield>
<datafield ind1=" " ind2=" " tag="653">
<subfield code="a">Provincia de Salamanca</subfield>
</datafield>
<datafield ind1=" " ind2=" " tag="653">
<subfield code="a">Latin epigraphy</subfield>
</datafield>
<datafield ind1=" " ind2=" " tag="653">
<subfield code="a">Funerary inscriptions</subfield>
</datafield>
<datafield ind1=" " ind2=" " tag="653">
<subfield code="a">Salamanca province</subfield>
</datafield>
<datafield tag="245" ind1="0" ind2="0">
<subfield code="a">Nuevos epígrafes latinos en Las Uces, Valsalabroso, Salamanca</subfield>
</datafield>
</record></metadata></record></GetRecord></OAI-PMH>